| 000 | 00860nam a2200265 a 4500 | ||
|---|---|---|---|
| 001 | BRL_1583 | ||
| 005 | 20190320211256.0 | ||
| 008 | 190314s1986----mx-aob####---#000-0#spa-# | ||
| 020 | _a9683801501 | ||
| 041 | _aspa | ||
| 044 | _amx | ||
| 050 | 4 |
_aF1219 _b.S34 1986 |
|
| 100 | 1 |
_aScheffler, Lilian _925649 |
|
| 245 | 1 | 0 |
_aGrupos indígenas de México _bubicación geográfica, organización social y política, economía, religión y costumbres _cLilian Scheffler ; fotografías Ruth D. Lechuga. |
| 260 |
_aMéxico _bPanorama _c1986 |
||
| 300 |
_a250 p. _bil., mapas _c18 cm. |
||
| 440 | 0 |
_aColección Panorama _922783 |
|
| 500 | _aAu2078 | ||
| 500 | _aEstado físico: Desogado | ||
| 504 | _aBibliografía: p. 243-250 | ||
| 650 | 1 | 4 |
_aIndígenas de México _94678 |
| 700 | 1 |
_aLechuga, Ruth D. _d1920-2004 _eil. _92443 |
|
| 902 | _aGRL | ||
| 942 |
_2lcc _cB |
||
| 999 |
_c10392 _d10392 |
||